LDR 00923nam a2200241 i 4500 001 000000193199 003 CaOOAMICUS 005 20260528142954.0 008 101015s1987 gw u000 u ger u 013 $a171839 020 $a3-402-03346-1 040 $aSeMil$bita 245 10$a4. 260 $aMünster :$bAschendorff,$c1987. 300 $a96 p. ;$c23 cm. 773 0 $tKatholische Theologen der Reformationszeit.$dMünster : Aschendorff, 1984-1988.$kKatholisches Leben und Kirchenreform im Zeitalter der Glaubensspaltung$g4$w()23872 850 $aSeMil 852 $aSeMil$W1$xVenegono$y1$m2B IV 421$j272734$B143773$CSeMilBibl$Z2$F155258 $81 961 $aAcquisto: Casa editrice 996 $6020$a3-402-03346-1$9(OLS)http://semarc/number/184576 996 $6245$a4$9(OLS)http://semarc/title/47131 996 $6260$aMünster :$bAschendorff$9(OLS)http://semarc/publisher/29674